The 7 habits of highly effective people: Powerful lessons in personal change/ (Record no. 616787)

000 -LEADER
fixed length control field 00413nam a22001337a 4500
020 ## - INTERNATIONAL STANDARD BOOK NUMBER
Qualifying information PB.
040 ## - CATALOGING SOURCE
Transcribing agency FIZZA ISHAQ
082 ## - DEWEY DECIMAL CLASSIFICATION NUMBER
Classification number 158
Author Mark COV
100 ## - MAIN ENTRY--PERSONAL NAME
Personal name Covey, Stephen R.
9 (RLIN) 346
245 ## - TITLE STATEMENT
Title The 7 habits of highly effective people: Powerful lessons in personal change/
Statement of responsibility, etc. Stephen R. Covey.
260 ## - PUBLICATION, DISTRIBUTION, ETC.
Place of publication, distribution, etc. London :
Name of publisher, distributor, etc. Simon & Schuster,
Date of publication, distribution, etc. 1989.
300 ## - PHYSICAL DESCRIPTION
Extent 358 P. ;
Dimensions 5.5 x 0.9 x 8.44 inches
942 ## - ADDED ENTRY ELEMENTS (KOHA)
Source of classification or shelving scheme
Koha item type Fiction
Holdings
Withdrawn status Lost status Source of classification or shelving scheme Damaged status Not for loan Permanent Location Current Location Shelving location Date acquired Total Checkouts Full call number Barcode Date last seen Price effective from Koha item type
          NUST Baluchistan Campus (NBC) NUST Baluchistan Campus (NBC) Fiction 04/02/2026   158 COV QD-502 04/02/2026 04/02/2026 Book
© 2023 Central Library, National University of Sciences and Technology. All Rights Reserved.